| 000 -LEADER |
| fixed length control field |
00538cam a2200205 i 4500 |
| 001 - CONTROL NUMBER |
| control field |
3684676 |
| 005 - DATE AND TIME OF LATEST TRANSACTION |
| control field |
20180125091957.0 |
| 008 - FIXED-LENGTH DATA ELEMENTS--GENERAL INFORMATION |
| fixed length control field |
790425s1979 mau b 001 0 eng |
| 010 ## - LIBRARY OF CONGRESS CONTROL NUMBER |
| LC control number |
78070850 |
| 040 ## - CATALOGING SOURCE |
| Original cataloging agency |
DLC |
| Transcribing agency |
DLC |
| Modifying agency |
DLC |
| 041 ## - LANGUAGE CODE |
| Language code of text/sound track or separate title |
eng |
| 080 ## - UNIVERSAL DECIMAL CLASSIFICATION NUMBER |
| Universal Decimal Classification number |
301.44 van |
| 082 00 - DEWEY DECIMAL CLASSIFICATION NUMBER |
| Classification number |
301.44 van |
| 100 1# - Rafti |
| Rafti |
50 |
| 101 ## - Shkurtesa |
| Shkurtesa |
soc |
| 245 14 - TITLE STATEMENT |
| Title |
The structure of social inequality / |
| Statement of responsibility, etc |
Beth Ensminger Vanfossen. |
| 504 ## - BIBLIOGRAPHY, ETC. NOTE |
| Bibliography, etc |
Bibliography: p. 389-413. |
| 906 ## - LOCAL DATA ELEMENT F, LDF (RLIN) |
| a |
7 |
| b |
cbc |
| c |
orignew |
| d |
2 |
| e |
opcn |
| f |
19 |
| g |
y-gencatlg |
| 942 ## - ADDED ENTRY ELEMENTS (KOHA) |
| Source of classification or shelving scheme |
|
| Item type |
Books |